000 00444 a2200157 4500
005 20250523075712.0
020 _a978-007-127032-8
082 _aLECT 579.5 BOW
100 _aBOWERMAN, B. L.
245 _aBusiness Statistics in Practice
250 _a5th Ed.
260 _aBoston,
_bMcGraw-Hill,
_c2009.
300 _axix, 907p.: ill.; figure, picture, table.
_bIndex.
_c27cm.
700 _aO'CONNELL, R. T. & MURPHREE, E. S.
942 _2ddc
_cBKS
999 _c2558
_d2558